000 00431nam a2200133Ia 4500
008 220216s9999 xx 000 0 und d
100 _aAhmad Kausar
245 0 _aEffect of palm oil on film formation and properties of natural rubber latex films
260 _bProceedings of the International Rubber Conference, Kobe, Japan, 1995; p39-42
650 _aNatural rubber latex
700 _aHo C C
700 _aToji D
942 _cJS
999 _c58015
_d58015